Chain Reaction #5 - Statistics

General Stats
  • This quiz has been taken 65 times
  • The average score is 9 of 28
Answer Stats
Group Category Answer % Correct
Chain 2 Name for people who live in the USA - A American
88%
Chain 3 River, lake, stream, etc. - W Water
87%
Chain 1 Letters make this - W Word
81%
Chain 1 K Key
75%
Chain 4 Unlock - K Key
75%
Chain 1 G Game
58%
Chain 2 Time - W Watch
48%
Chain 4 Games - B Board
46%
Chain 1 C Chain
40%
Chain 4 C Chain
40%
Chain 2 S Stop
37%
Chain 3 B Boy
33%
Chain 1 A response - R Reaction
31%
Chain 3 Plane - W Wing
31%
Chain 4 L Link
23%
Chain 3 B Band
21%
Chain 4 C Card
21%
Chain 1 B Ball
19%
Chain 3 R Right
19%
Chain 4 P Post
12%
Chain 2 C Cheese
10%
Chain 1 R Room
10%
Chain 2 B Box
8%
Chain 4 F Fence
8%
Chain 2 P Pizza
8%
Chain 2 T Truck
4%
Chain 3 R Rehearsal
0%
Chain 3 S Stage
0%
No matching quizzes found
Score Distribution
Percent of People with Each Score
Percentile by Number Answered
Your Score History
You have not taken this quiz